Building information modelling (Record no. 114392)

MARC details
000 -LEADER
fixed length control field 00863cad a22002175a 4500
001 - CONTROL NUMBER
control field L156728
008 - FIXED-LENGTH DATA ELEMENTS--GENERAL INFORMATION
fixed length control field 120702s2012 xxkqr p 0 a0eng u
035 ## - SYSTEM CONTROL NUMBER
System control number (Sirsi) u156728
041 0# - LANGUAGE CODE
Language code of text/sound track or separate title eng
100 1# - MAIN ENTRY--PERSONAL NAME
Personal name Scott, Lynne
110 2# - MAIN ENTRY--CORPORATE NAME
Corporate name or jurisdiction name as entry element Shepherd and Wedderburn LLP
245 00 - TITLE STATEMENT
Title Building information modelling
Remainder of title one year on
Medium [electronic resource]
260 ## - PUBLICATION, DISTRIBUTION, ETC.
Place of publication, distribution, etc. [S.l.]
Name of publisher, distributor, etc. Shepherd and Wedderburn LLP
Date of publication, distribution, etc. 2012
520 ## - SUMMARY, ETC.
Summary, etc. Looks at the government's Construction Strategy and suggests that there is unspoken acknowledgement that the legal issuess may not be quite as straightforward as simply making minor contract amendments.
590 ## - LOCAL NOTE (RLIN)
Local note KA NTK
651 #4 - SUBJECT ADDED ENTRY--GEOGRAPHIC NAME
Geographic name United Kingdom
Chronological subdivision
690 ## - LOCAL SUBJECT ADDED ENTRY--TOPICAL TERM (OCLC, RLIN)
Topical term or geographic name as entry element BIM
9 (RLIN) 6219
690 ## - LOCAL SUBJECT ADDED ENTRY--TOPICAL TERM (OCLC, RLIN)
Topical term or geographic name as entry element Contracts
9 (RLIN) 6232
856 40 - ELECTRONIC LOCATION AND ACCESS
Uniform Resource Identifier <a href="https://www.shepwedd.co.uk/knowledge/?a=4799">https://www.shepwedd.co.uk/knowledge/?a=4799</a>
Public note Read the article free of charge at www.shepwedd.co.uk
942 ## - ADDED ENTRY ELEMENTS (KOHA)
Suppress in OPAC 0
Holdings
Withdrawn status Lost status Source of classification or shelving scheme Damaged status Not for loan Home library Current library Shelving location Date acquired Total Checkouts Full call number Barcode Date last seen Copy number Price effective from Koha item type
    Dewey Decimal Classification     Virtual Virtual Online 02/07/2012   ONLINE PUBLICATION 156728-2001 06/08/2019 1 06/08/2019 Book